000 00581nam a2200193 i 4500
001 bg
245 0 _aDevelopments in soil mechanics and foundation engineering.
_n2,
_pStress-strain modelling of soils /
_ced. P.K. Banerjee and R. Butterfield.
260 _aLondon,
_c1985.
490 1 _aDevelopments Series
700 1 _aBanerjee, Prasanta Kumar
_d(1941- ).
_eRed.
700 1 _aButterfield, R.
_eRed.
830 _aDevelopments Series
040 _cBPK
041 _apol
080 _a624.13
080 _a624.15
942 _cKS
008 s pl f |000 0 pol
999 _c28909
_d28909
856 _uhttp://koha.tu.koszalin.pl/cgi-bin/koha/opac-detail.pl?biblionumber=28909
_yKatalog online BPK